Responses for Show #7386 - Monday, October 24, 2016

Contestants

[<< previous game]

Norm Burnosky, a corporate tax analyst from Reston, Virginia

Susan Logan, a stay-at-home mom from Glenview, Illinois

Lani Gonzalez, a managing director of an art bazaar from Austin, Texas (whose 1-day cash winnings total $16,800)

[next game >>]

Jeopardy! Round responses

THE GIG ECONOMY
CHARACTERS IN CHILDREN'S LITERATURE
SCENE IT
(Alex: Then, we'll [*] for you. You name the film for us.)
ETIQUETTE
ISLANDS
IN COGNITO
(Alex: Each correct response will be a shorter word than can be made up of the letters you find in the word "cognito".)
    $200 24
an iPod

Lani
    $200 4
Pinocchio

Lani
    $200 1
Jaws

Norm
    $200 9
RSVP

Norm
    $200 22
tonic

Lani
    $400 25
(Susan: What is a laserdisc?)
...
(Alex: Less than a minute now.)

a DVD

LaniSusan
    $400 5
Alexander

Lani
    $400 3
Alien

Susan
    $400 15
dessert

Lani
    $400 29
[The end-of-round signal sounds.]

Staten Island

Susan
    $400 21
(Susan: What is cognito... ergo sum?)

cogito

Susan
Triple Stumper
    $600 28
Samsung

Susan
    $600 6
the yellow hat

Lani
    $600 11
North by Northwest

Norm
    $600 17
an exclamation point

Norm
    $600 23
Montreal Island

Triple Stumper
    $600 2
a goon

Lani
    $800 26
TiVo

Triple Stumper
    $800 7
A Little Princess (The Little Princess accepted)

Lani
    $800 10
Black Swan

Susan
    $800 14
the ring bearer

Susan
    $1,600 18
the Azores

Norm
    $800 19
an ingot

Lani
    $1000 27
a graphics card

Triple Stumper
    $1000 8
Tinker Bell

Triple Stumper
    $1000 13
(Alex: That's it. You don't have to give us the full title.)
[Laughter]
(Lani: Thank you.)

Dr. Strangelove

Lani
    $1000 16
pallbearers

Susan
    $1000 12
Nevis

Lani
    $1000 20
(Lani: Oh, shoot. [Laughs] What is a liger?)

a tigon

LaniSusan

Scores at the first commercial break (after clue 15):

Lani Susan Norm
$5,000 $2,000 $1,000

Scores at the end of the Jeopardy! Round:

Lani Susan Norm
$5,600 $4,200 $3,200

Double Jeopardy! Round responses

THE NEW GOLDEN AGE OF TELEVISION
THE SOPRANOS
HOUSE OF CARDS
VEEP
THE "AMERICAN"S
BREAKING BAD
    $400 3
Downton Abbey

Lani
    $400 10
Aida

Lani
    $400 24
Texas hold'em

Norm
    $400 12
LBJ

Susan
    $400 26
American Sign Language

Norm
    $400 17
a hairline fracture

Susan
    $800 4
Mad Men

Susan
    $2,000 30
The Marriage of Figaro

Lani
    $800 23
pyramid solitaire

Norm
    $800 13
(Norm: Who is Nasser?)

(Hosni) Mubarak

LaniNorm
    $800 25
(Alex: Less than a minute now.)

an americano

Norm
    $800 18
traction

Susan
    $1200 5
The Wire

Lani
    $1200 29
(Lani: Who is Marian Anderson?)

Leontyne Price

Lani
Triple Stumper
    $1200 22
go fish

Lani
    $1200 14
Nelson Rockefeller

Triple Stumper
    $1200 11
an All-American

Lani
    $1200 19
Joe Theismann

Triple Stumper
    $1600 6
Homeland

Lani
    $1600 28
coloratura

Lani
    $1600 9
baccarat

Triple Stumper
    $1600 15
(Lani: Who is Perón?)
(Alex: Be more specific.)
(Lani: Eva Perón?)

Isabel Perón

Lani
Triple Stumper
    $2,000 8
the American dream

Lani
    $1600 20
the foot

Lani
    $2000 7
Laverne Cox

Triple Stumper
    $2000 27
Kiri Te Kanawa

Triple Stumper
    $2000 1
Mille Bornes

Norm
    $2000 16
Alben Barkley

Triple Stumper
    $2000 2
an ugly American

Lani
    $2000 21
greenstick

Triple Stumper

Scores at the end of the Double Jeopardy! Round:

Lani Susan Norm
$18,800 $6,600 $6,800
(lock game)

[wagering suggestions for these scores]

Final Jeopardy! Round responses

ANIMALS
(Alex: There are only two egg-laying mammals.)
SusanWhat is an echidna?
$6,599
NormWhat is Medusa
$6,600
LaniWhat is a Platypus?
$0
Echidna

Final scores:

Lani Susan Norm
$18,800 $13,199 $200
2-day champion: $35,600 2nd place: $2,000 3rd place: $1,000

Game dynamics:

Coryat scores:

Lani Susan Norm
$17,200 $6,600 $6,000
24 R
(including 2 DDs),
3 W
11 R,
2 W
10 R
(including 1 DD),
1 W

Combined Coryat: $29,800

[game clues] [game scores] [suggest correction]

Game tape date: Unknown
The J! Archive is created by fans, for fans. Scraping, republication, monetization, and malicious use prohibited; this site may use cookies and collect identifying information. See terms. The Jeopardy! game show and all elements thereof, including but not limited to copyright and trademark thereto, are the property of Jeopardy Productions, Inc. and are protected under law. This website is not affiliated with, sponsored by, or operated by Jeopardy Productions, Inc. Join the discussion at JBoard.tv.